00463 2200205 4500001002100000005001500021008004100036020002200077035001900099041000600118082000800124090001400132100002100146245002400167250000600191260001800197300002600215500000600241650001000247INLIS00000000000419620241224112851241224||||||||| | ||| |||| ||  a978-602-7888-49-4 0010-1224004196 a00 a813 a813 SAN m0 aSanie B. Kuncoro00aMimpi Bayang Jingga a2 bBentangc2013 avi, 194 hlm.; 20,5 cm a1 0aNovel